| 000 | 00951nam a22002777a 4500 | ||
|---|---|---|---|
| 003 | EG-ScBUE | ||
| 005 | 20220414122328.0 | ||
| 008 | 200219r20122008enk f 000 0 eng d | ||
| 020 | _a9780194569545 | ||
| 040 |
_aEG-ScBUE _beng _erda _cEG-ScBUE _dEG-ScBUE |
||
| 082 | 0 | 4 |
_222 _a428.24 _bPOH |
| 100 | 1 |
_aPohl, Alison, _eauthor. |
|
| 245 | 1 | 0 |
_aTechnology 2 : _bteacher's resource book / _cAlison Pohl ; with additional material by Norman Glendinning. |
| 250 | _aReprint edition. | ||
| 264 | 1 |
_aOxford : _bOxford University Press, _c2012. |
|
| 300 |
_a111 pages ; _c30 cm. |
||
| 336 |
_2rdacontent _atext _btxt |
||
| 337 |
_2rdamedia _aunmediated _bn |
||
| 338 |
_2rdacarrier _avolume _bnc |
||
| 490 | 0 | _aOxford English for careers | |
| 650 | 7 |
_aEnglish language _vTextbooks for foreign speakers. _2BUEsh |
|
| 650 | 7 |
_aEnglish language _xTechnical English. _2BUEsh |
|
| 653 |
_bHHUUEENN _cApril2022 |
||
| 655 |
_vReading book _934232 |
||
| 942 |
_2ddc _cBB |
||
| 999 |
_c29884 _d29855 |
||